Greece Cities Map Quiz - Statistics

General Stats
  • This quiz has been taken 3,180 times
  • The average score is 6 of 10
Answers on the Map
Answers color-coded by a green-red scale on the quiz's map according to % correct below.
 
Answer Stats
Answer % Correct
Thessaloniki
85%
Heraklion
78%
Patras
73%
Athens
69%
Ioannina
69%
Larisa
65%
Chania
60%
Volos
59%
Chalcis
49%
Acharnes
41%
No matching quizzes found
Score Distribution
Percent of People with Each Score
Percentile by Number Answered
Your Score History
You have not taken this quiz